000 00371nam a22001457a 4500
020 _a9780367273231
040 _cNUST
082 _a629.2293 DEN
100 _aDenton, Tom
_964787
245 _aElectric and Hybrid Vehicles
250 _a2nd ed.
260 _a New York:
_bRoutledge,
_c2020.
650 _aHybrid electric vehicles.NUSTTB2022
_9102865
942 _2ddc
_cBK
999 _c591144
_d591144